El hombre más rico de Babilonia : (Registro nro. 11248)

Detalles MARC
000 -LIDER
fixed length control field 00961nam a22003017a 4500
001 - NÚMERO DE CONTROL
Identificador de número de control 00004763
003 - IDENTIFICACDOR DE NÚMERO DE CONTROL
control field DO-SdBNP
005 - DATE AND TIME OF LATEST TRANSACTION
control field 20221109124947.0
007 - CAMPOS FIJOS DE DESCRIPCIÓN FÍSICA
fixed length control field 00004763
008 - ELEMENTOS DE LONGITUD FIJA
fixed length control field 160606b 2009 sp || 00| 0 spa d
020 ## - ISBN
International Standard Book Number 9788477203711
040 ## - FUENTE DE CATALOGACIÓN
Agencia que crea de manera original el registro BPMSU
Idioma de catalogación spa
Agencia que realiza la transcripción BPMSU
082 #4 - NÚMERO DE CLASIFICACIÓN DECIMAL DE DEWEY
Classification number 339.43
Item number C614h 2009
Edition number 22
092 ## - LOCALLY ASSIGNED DEWEY DECIMAL CALL NUMBER
Número de clasificación
Número de ítem (Cutter)
100 1# - ASIENTO PRINCIPAL -- NOMBRE PERSONAL
Nombre personal Clason, George S.
245 13 - MENCIÓN DE TITULO
Título El hombre más rico de Babilonia :
Subtítulo los secretos del éxito de los antiguos /
Mención de responsabilidad George S. Clason ; traducción: José Luis Sánchez.
250 ## - MENCIÓN DE EDICION
Mención de edición 31a. ed.
260 ## - PUBLICACIÓN, DISTRIBUCIÓN, ETC. (PIE DE IMPRENTA)
Lugar de publicación, distribución, etc Barcelona :
Nombre del editor, distribuidor, etc. Ediciones Obelisco,
Fecha de publicación, distribución, etc 2009
300 ## - DESCRIPCIÓN FÍSICA
Extensión 159 p. ;
Dimensiones 23 cm.
490 0# - MENCIÓN DE SERIES
Mención de serie Exito
534 ## - NOTA SOBRE LA VERSIÓN ORIGINAL
Asiento principal del original Título original :
Mención del título original Richest man in Babylon
590 ## - NOTA LOCAL
Enlace Inventariado, 2022/VM
650 #4 - ENCABEZAMIENTO DE MATERIA--TEMÁTICO
Término temático o nombre geográfico como elemento de entrada Ahorro e inversión
Subdivisión temática general Relatos personales.
650 #4 - ENCABEZAMIENTO DE MATERIA--TEMÁTICO
Término temático o nombre geográfico como elemento de entrada Ética de los negocios
Subdivisión temática general Relatos personales
700 1# - ASIENTO SECUNDARIO -- NOMBRE PERSONAL
Nombre personal Sánchez, José Luis,
Mención de responsabilidad tr.
910 ## - VALIDACIÓN
Validación VMateo V. /Validado
942 ## - ADDED ENTRY ELEMENTS (KOHA)
Source of classification or shelving scheme Dewey Decimal Classification
Koha item type Libros
Existencias
Withdrawn status Lost status Source of classification or shelving scheme Damaged status Not for loan Collection code Home library Current library Date acquired Full call number Barcode Date last seen Price effective from Koha item type
    Dewey Decimal Classification     Colección General Biblioteca Pública Metropolitana Salomé Ureña Biblioteca Pública Metropolitana Salomé Ureña 08/31/2016 BPMSU CG 339.43 C614h 2009 BPMSU16080337 08/31/2016 08/31/2016 Libros